Obálka
Pro půjčování e-knih musíte být přihlášeni.
Jak si půjčit online?

Deník malého poseroutky. Poslední kapka /

Uloženo v:
Série:Deník malého poseroutky, část 3
Hlavní autor: Kinney, Jeff, 1971- (Autor)
Další autoři: Volhejnová, Veronika, 1962- (Autor), Jiráň, Jan, 1957- (Překladatel), Kopta, Václav, 1965- (Režisér)
Médium: E-audiokniha
Jazyk:Czech
Vydáno: [Praha] : CooBoo, [2015]
Témata:
Příbuzné jednotky:Z cyklu:: Deník malého poseroutky
Tagy:
Žádné tagy
LEADER 02692nim a2200697 i 4500
001 313049
003 CZ PrSKC
005 20260601215734.0
007 sd fungnnmmned
008 200115t20152015xr nnnnj h n cze
015 |a cnb003171360 
024 3 |a 8594050421646 
040 |a ABA001  |b cze  |e rda 
041 1 |d cze  |h eng 
072 7 |a 821.111(73)-3  |x Americká próza  |2 Konspekt 
072 7 |a 821-93  |x Literatura pro děti a mládež (beletrie)  |2 Konspekt 
080 |a 821.111(73)-32  |2 MRF 
080 |a (0:82-321.5)  |2 MRF 
080 |a (086.7.053.2)  |2 MRF 
080 |a (086.7)08  |2 MRF 
080 |a (086.76)  |2 MRF 
100 1 |a Kinney, Jeff,  |d 1971-  |7 xx0093180  |4 aut 
240 1 0 |a Last straw.  |l Česky  |7 aun20251278346 
245 1 0 |a Deník malého poseroutky.  |p Poslední kapka /  |c Jeff Kinney ; z angličtiny přeložila Veronika Volhejnová 
246 3 0 |a Poslední kapka 
264 1 |a [Praha] :  |b CooBoo,  |c [2015] 
264 4 |c ©2015 
300 |a 1 CD audio (77:41) ;  |c 12 cm 
306 |a 011741 
336 |a mluvené slovo  |b spw  |2 rdacontent 
337 |a audio  |b s  |2 rdamedia 
338 |a audiodisk  |b sd  |2 rdacarrier 
344 |a digital  |b optical  |2 rda 
347 |a audio soubor  |b CD audio  |2 rda 
500 |a Název z disku 
500 |a Copyright Albatros Media 
508 |a Režie Jan Jiráň 
511 0 |a Vypráví Václav Kopta 
518 |o Nahráno  |d červenec 2015  |p zvukové studio DAMU, Praha 
655 7 |a americké příběhy  |7 fd131795  |2 czenas 
655 7 |a humoristické příběhy  |7 fd132430  |2 czenas 
655 7 |a zvukové záznamy pro děti a mládež  |7 fd186726  |2 czenas 
655 7 |a audioknihy  |7 fd119452  |2 czenas 
655 7 |a kompaktní disky  |7 fd201991  |2 czenas 
700 1 |a Volhejnová, Veronika,  |d 1962-  |7 jn20010309724  |4 trl 
700 1 |a Jiráň, Jan,  |d 1957-  |7 jn20000401255  |4 drt 
700 1 |a Kopta, Václav,  |d 1965-  |7 jo2002140130  |4 nrt 
900 |a ABA001  |b 19 
044 |a xr 
505 0 0 |t LEDEN (21 min., 22 sek.) 
505 0 0 |t UNOR (4 min., 49 sek.) 
505 0 0 |t SVATY VALENTYN (7 min., 1 sek.) 
505 0 0 |t BREZEN (1 min., 53 sek.) 
505 0 0 |t VELIKONOCE (10 min., 22 sek.) 
505 0 0 |t DUBEN (12 min., 20 sek.) 
505 0 0 |t KVETEN (10 min., 14 sek.) 
505 0 0 |t CERVEN (9 min., 50 sek.) 
787 0 8 |g 3  |i Z cyklu:  |t Deník malého poseroutky 
910 |a RBIT002 
998 |d 206721  |a https://core.palmknihy.cz/api/books/206721/cover?sk24rt  |b https://core.palmknihy.cz/api/books/206721/cover/400?sk24rt  |c https://core.palmknihy.cz/api/books/206721/cover/50?sk24rt  |e 2032-12-31  |i 8594050421646  |l 4620  |q 49  |r 1  |s https://www.palmknihy.cz/kniha/206721  |t audiobook  |y 2015  |z 0  |v Deník malého poseroutky  |w 3 
999 |d 313047